Who sang that song? (70's) - Statistics

General Stats
  • This quiz has been taken 152 times
  • The average score is 13 of 25
Answer Stats
Hint Answer % Correct
Killer Queen Queen
95%
Imagine John Lennon
93%
Bennie And The Jets Elton John
89%
American Pie Don McLean
87%
ABC The Jackson 5
84%
YMCA Village People
84%
Take A Chance On Me ABBA
83%
I Will Survive Gloria Gaynor
83%
Jolene Dolly Parton
80%
Starman David Bowie
73%
Mr. Blue Sky Electric Light Orchestra
71%
Isn't She Lovely Stevie Wonder
67%
Life In The Fast Line Eagles
52%
Money Pink Floyd
52%
Midnight Train To Georgia Gladys Knight & The Pips
45%
Easy Commodores
41%
Get It On T. Rex
39%
Blame It On The Boogie The Jacksons
27%
Brandy (You're A Fine Girl) Looking Glass
24%
Hooked On A Feeling Blue Swede, Björn Skifs
23%
Rich Girl Daryl Hall & John Oates
13%
Sunny Boney M.
11%
Move On Up Curtis Mayfield
10%
Love Comes To Everyone George Harrison
8%
I Got Lucky Elvis Presley
2%
No matching quizzes found
Score Distribution
Percent of People with Each Score
Percentile by Number Answered
Your Score History
You have not taken this quiz